000 00704nam a22002417a 4500
003 UA-OsUOA
001 44799
007 ta
008 20110218b un ||||| |||| 00| 0 ukr d
100 _aЧорнобривий Я.
090 _a82-1
_bЧ-75
942 _cBK
040 _aUA-OsUOA
_bukr
_cUA-OsUOA
_dUA-OsUOA
245 _aСвячений Гриць і другі вірші
300 _a142 с.
955 _a3
041 _aukr
080 _a82-1
260 _aПіттсбург
650 7 _a82 Література. Літературознавство
_2UDC
999 _c424900
_d424900